| 000 | 00731nam a22001937a 4500 | ||
|---|---|---|---|
| 003 | BD-DhUL | ||
| 005 | 20180517104555.0 | ||
| 008 | 180517s1943 ii ||||| |||| 00| 0 ben d | ||
| 040 |
_aBD-DhUL _cBD-DhUL |
||
| 082 |
_a891.443 _bMUC |
||
| 100 | 1 | _a মুখোপাধ্যয়, বিভূতিভূষণ | |
| 245 | 1 | 0 |
_aচৈতালী / _cবিভূতিভূষণ মুখোপাধ্যয় |
| 250 | _a১ম সংস্ক. | ||
| 260 |
_aকলিকাতা : _bজেনারেল প্রিন্টার্স, _c১৯৪৩ |
||
| 300 |
_a২০৫ পৃ. ; _c১৯ সেমি. |
||
| 650 | 4 | _aবাংলা উপন্যাস | |
| 650 | 4 | _aBengali fiction | |
| 942 |
_2ddc _cBK |
||
| 999 |
_c241340 _d241340 |
||